[Event "Luxembourg-chT 9900"]
[Site "Luxembourg"]
[Date "1999.10.24"]
[Round "1"]
[White "Montagne, Arnaud"]
[Black "Bakalarz, Grazyna"]
[Result "0-1"]
[WhiteElo "2011"]
[BlackElo "2072"]
[PlyCount "60"]
[EventDate "1999.10.24"]
[EventType "team"]
[EventRounds "10"]
[EventCountry "LUX"]
[SourceTitle "EXT 2005"]
[Source "ChessBase"]
[SourceDate "2004.11.15"]
[SourceVersion "1"]
[SourceVersionDate "2004.11.15"]
[SourceQuality "1"]

1. e4 c5 2. c3 d5 3. exd5 Qxd5 4. d4 Nc6 5. Nf3 Nf6 6. Be2 cxd4 7. cxd4 e6 8. 0-0 Be7 9. Nc3 Qd7 10. Bf4 a6 11. Qa4 Nd5 12. Bg3 Nxc3 13. bxc3 0-0 14. Rfd1 b5 15. Qb3 Bb7 16. a4 Na5 17. Qb2 Nc4 18. Bxc4 bxc4 19. Ne5 Qd5 20. f3 Bg5 21. Qe2 Rac8 22. Rdb1 Bd8 23. Ra2 Ba5 24. Be1 Ba8 25. Rab2 h5 26. f4 f6 27. Nf3 Qe4 28. Qd2 Bc6 29. Bg3 Qd3 30. Qxd3 cxd3 0-1